000 00489nam a2200181Ia 4500
008 180921t1972 xxu||||| |||| 00| 0 sin d
041 _asin
080 _a54
_bEPA
100 _aEpan, Thomas
245 _aනුතන රසායන විද්‍යාව .ii
246 _aNuthana rasaayana vidyaava ll
260 _bM.D. Gunasena
_aColombo
_c1972
300 _a153p., 21 cm
650 _aChemistry
942 _cBK
999 _c15361
_d15361
003 LK-CoDNM
040 _aLK-CoDNM
_dLK-CoDNM
_eLK-CoDNM